000 00664nam a2200181 a 4500
001 000036300
005 20200930075644.0
008 120112s1978 mx a 000 0 spa d
020 _a9684090137
040 _aDO-SdBNP
_bspa
_cBNPHU
100 1 _aNyhan, William L.
_962437
240 1 4 _aThe heredity factor :
_bgenes, chromosomes, and you
_lEspañol
245 1 3 _aEl factor hereditario :
_blos genes, los cromosomas, la familia y usted /
_cWilliam L. Nyhan y Edward Edelson.
260 _aMéxico :
_bEditores Asociados Mexicanos,
_c1978.
300 _a393 p. :
_bil. ;
_c19 cm.
500 _aTraducido del idioma inglés
700 1 _aVillegas, Ana Sylvia
_etr.
_962438
999 _c35791
_d35791